Experimentos de química clásica
Furkejuvvon:
| Váldodahkki: | |
|---|---|
| Materiálatiipa: | Girji |
| Giella: | espánnjágiella |
| Almmustuhtton: |
Madrid
Síntesis
2002
|
| Ráidu: | Bibliotecas de Química, 4
|
| Fáttát: | |
| Fáddágilkorat: |
Lasit fáddágilkoriid
Eai fáddágilkorat, Lasit vuosttaš fáddágilkora!
|
MARC
| LEADER | 00000nam a2200000 a 4500 | ||
|---|---|---|---|
| 001 | UCJ2517 | ||
| 003 | CL-VaPUC | ||
| 008 | 061222e20020000SP |||||||||||||||||spa|d | ||
| 020 | |a 8477389632 | ||
| 082 | 0 | 4 | |a 543 |b LIS |2 21 |
| 100 | |a Lister, Ted |e autor |9 503470 | ||
| 245 | 1 | 0 | |a Experimentos de química clásica |
| 300 | |a 398 p | ||
| 942 | |c BK | ||
| 945 | |d 20061222 00:00:00 |a jtorresc | ||
| 260 | |a Madrid |b Síntesis |c 2002 | ||
| 650 | 0 | |a Química |9 259896 | |
| 650 | 7 | |a LABORATORIOS DE ANALISIS |2 CL-VaPUC |9 503471 | |
| 583 | |a last modification |c 20061222 00:00:00 |k Rodrigo Vera | ||
| 490 | 0 | |a Bibliotecas de Química, 4 | |
| 999 | |c 318751 |d 318749 | ||
| 952 | |0 0 |1 0 |4 0 |6 543_000000000000000_LIS_2002 |7 0 |8 R |9 396806 |a BIBING |b BIBING |d 2019-11-22 |i 4309367 |l 1 |o 543 LIS 2002 |p 4309367 |q 2020-09-03 |r 2020-08-03 |s 2020-08-03 |w 2019-11-22 |y BK_R |k EIQ | ||